Statistics for Top 50 Chelsea Players of the Premier League era

Click here to take the quiz!

General Stats

  • This quiz has been taken 32 times
  • The average score is 27 of 50

Answer Stats

HintAnswer% Correct
ST, Ivory CoastDidier Drogba
90%
CB, EnglandJohn Terry
90%
GK, BelgiumThibaut Courtois
90%
ST, UkraineAndriy Shevchenko
84%
LB, EnglandAshley Cole
84%
LW, BelgiumEden Hazard
81%
CM, EnglandFrank Lampard
81%
CB, SpainCesar Azpilicueta
77%
GK, SenegalEdouard Mendy
77%
LW, USAChristian Pulisic
74%
ST, SpainFernando Torres
74%
CDM, FranceN'Golo Kante
71%
GK, Czech RepublicPetr Cech
71%
CM, ItalyJorginho
68%
ST, BelgiumRomelu Lukaku
68%
CB, GermanyAntonio Rudiger
65%
CB, EnglandGary Cahill
65%
ST, FranceNicolas Anelka
65%
RW, MoroccoHakim Ziyech
61%
ST, GermanyKai Havertz
61%
LW, SpainPedro
61%
ST, ColombiaRadamel Falcao
61%
CB, BrazilThiago Silva
61%
CB, BrazilDavid Luiz
58%
RB, EnglandReece James
58%
RW, BrazilWillian
58%
ST, SpainAlvaro Morata
48%
LB, EnglandBen Chilwell
48%
RB, SerbiaBranislav Ivanovic
48%
CM, GermanyMichael Ballack
48%
CB, DenmarkAndreas Christensen
45%
CDM, FranceClaude Makelele
45%
CB, FranceMarcel Desailly
45%
CDM, BrazilRamires
45%
CB, PortugalRicardo Carvalho
45%
ST, SpainDiego Costa
42%
LB, SpainMarcos Alonso
42%
CM, EnglandMason Mount
39%
ST, FranceOlivier Giroud
39%
CDM, SerbiaNemanja Matic
35%
CM, SpainCesc Fabregas
32%
RW, EnglandCole Palmer
29%
CM, ArgentinaEnzo Fernandes
29%
LW, EnglandRaheem Sterling
29%
LW, SpainJuan Mata
26%
CM, EnglandConnor Gallagher
16%
CM, GhanaMicheal Essien
16%
ST, SenegalNicholas Jackson
10%
CDM, FranceEmmanuel Petit
6%
ST, BelgiumMichy Bachuayi
0%

Score Distribution

Percentile by Number Answered

Percent of People with Each Score

Your Score History

You have not taken this quiz